[Event "RUS Rapid GP Top 16 2018"]
[Site "Khanty-Mansiysk"]
[Date "2018.12.02"]
[Round "6"]
[White "Maltsevskaya, Aleksandra"]
[Black "Bocharov, Dmitry"]
[Result "0-1"]
[WhiteElo "2247"]
[BlackElo "2684"]
[Annotator "TA"]
[PlyCount "62"]
[EventDate "2018.12.01"]
[EventType "swiss"]
[EventCountry "RUS"]
[SourceTitle "playchess.com"]
[Source "ChessBase"]
[SourceQuality "1"]

{[%evp 12,62,19,11,36,41,51,33,40,37,54,6,33,-21,-22,-26,-31,-13,29,6,14,-52,-52,-52,-49,-57,-47,-89,-102,-139,-52,-72,-78,-118,-104,-165,-143,-144,-157,-154,-155,-164,-153,-465,-466,-988,-990,-903,-882,-2227,-2070,-3308,-864]} 1. e4 c5 2. Nf3 d6 3. d4 cxd4 4. Nxd4 Nf6 5. Nc3 a6 6. h3 e5 7. Nde2 {LiveBook: 1019 Games} Nc6 {B90: Sicilian Najdorf: Unusual White 6th moves, 6 Be3 Ng4 and 6 Be3 e5} (7... b5 8. Ng3 Nbd7 9. Bg5 h6 10. Be3 Bb7 11. Bd3 h5 12. Bg5 g6 13. O-O Be7 14. a3 h4 15. Nge2 Nc5 16. Bxf6 Bxf6 {1-0 (48) Dominguez Perez,L (2739)-Vachier Lagrave,M (2779) chess.com INT 2018}) 8. g4 h6 9. Bg2 Ne7 $146 {[%cal Bc6e7,Be7g6,Bg6f4][%mdl 32] White is slightly better.} ({Predecessor:} 9... Be7 10. O-O O-O 11. Be3 Be6 12. Nd5 Bxd5 13. exd5 Nb8 14. a4 Nh7 15. Ra3 {1-0 (85) Paramzina,A (2222)-Nastase,A (1983) Manavgat 2018}) 10. Ng3 Ng6 11. O-O Nf4 12. Nd5 (12. Bxf4 $14 exf4 13. Nge2) 12... N6xd5 13. exd5 {Threatens to win with Bxf4.} Nxg2 14. Kxg2 Be7 15. Qd3 O-O 16. Nf5 (16. f4 $11) 16... Bxf5 $15 17. Qxf5 Rc8 18. Be3 Bg5 19. Qe4 b5 20. c3 {[#]} Qd7 (20... f5 $1 $17 {[%cal Rf5e4][%mdl 512]} 21. Bxg5 (21. gxf5 Bf4) 21... Qxg5) 21. Bxg5 hxg5 22. Rad1 f5 23. gxf5 (23. Qe2 $17) 23... Rxf5 24. Rd3 {[#]} Rc4 $1 $36 {[%cal Rc4e4,Bc8c4,Bc4f4,Bf4f3][%mdl 2080] Black is on the roll.} 25. Qe2 Qf7 26. b3 Rcf4 27. Qd2 $2 (27. Kg1 $17) 27... g4 $19 {aiming for ...gxh3+.Black is clearly winning.} 28. h4 (28. Qe2 $142 Qh5 29. Qe1) 28... Rf3 29. Qe2 R5f4 30. c4 e4 31. Re3 g3 {Accuracy: White = 30%, Black = 60%.} (31... Qe7 $142 32. a3 Qxh4 33. Rh1 Rxf2+ {[%mdl 64] Double Attack} 34. Kg1 Qf6 35. Qe1 Rf1+ 36. Kh2 Rxe1 37. Rhxe1 Rf2+ 38. Kg3 Qf4+ 39. Kh4 Rh2+ 40. Rh3 Rxh3#) 0-1

[Event "RUS Rapid GP Top 16 2018"]
[Site "Khanty-Mansiysk"]
[Date "2018.12.02"]
[Round "6"]
[White "Maletina, Tatiana"]
[Black "Kryakvin, Dmitry"]
[Result "0-1"]
[WhiteElo "2239"]
[BlackElo "2529"]
[Annotator "TA"]
[PlyCount "79"]
[EventDate "2018.12.01"]
[EventType "swiss"]
[EventCountry "RUS"]
[SourceTitle "playchess.com"]
[Source "ChessBase"]
[SourceQuality "1"]

{[%evp 20,79,32,23,16,10,17,28,39,33,36,42,32,26,7,-11,-7,-39,-15,-4,10,-50,-16,-16,-14,-33,0,0,0,0,-23,-24,0,-236,-236,-222,-214,-639,-633,-660,-654,-665,-666,-642,-583,-585,-575,-1435,-1273,-2073,-2072,-2003,-2010,-29966,-29967,-2265,-761,-29990,-29991,-29993,-29994,-29995]} 1. d4 g6 2. c4 Bg7 3. Nc3 Nf6 4. e4 d6 5. f3 O-O 6. Be3 b6 7. Qd2 c5 8. d5 e6 9. Nge2 exd5 {E82: King's Indian: Sämisch: 6...b6} 10. cxd5 Ba6 (10... a6 11. a4 Nbd7 12. Nf4 Rb8 13. Be2 Re8 14. O-O Ne5 15. Rfe1 g5 16. Nh3 Bxh3 17. gxh3 {1-0 (28) Pridorozhni,A (2579)-Chigaev,M (2551) Sochi 2016}) 11. a4 {LiveBook: 4 Games} Nbd7 {White has an edge.} 12. Nb5 {[%cal Bc3b5,Bb5a3,Ba3c4][%mdl 32]} Ne5 13. Nec3 Bc8 14. Be2 $146 ({Predecessor:} 14. Na3 Nh5 15. Be2 f5 16. exf5 gxf5 17. Bg5 {0-1 (50) Laine,H (2230)-Zaitsev,I (2450) Jyvaskyla 1997}) 14... a6 15. Na3 Ne8 16. O-O f5 17. f4 Nf7 $1 18. Bf3 Rb8 19. Nc4 Bd7 20. a5 ({White should try} 20. exf5 $11 Bxf5 21. Bf2) 20... b5 {[%cal Bb6b5,Bb5b4][%mdl 32]} 21. Nb6 b4 $36 {[%mdl 2048] Black is more active.} 22. Ne2 Bb5 23. e5 dxe5 24. fxe5 Nxe5 {Strongly threatening ...Qe7.} 25. Bxc5 Nd6 26. Bxb4 $2 (26. Nd4 $11 {and White is okay.} Bxf1 27. Ne6 Bxg2 28. Qxg2) 26... Re8 $19 27. Rf2 Nd3 {[%mdl 64] [#] Discovered Attack} 28. Rff1 $2 (28. Bxd6 Qxd6 29. Nc3 Nxf2 30. Nxb5 axb5 31. Qxf2) 28... Nxb4 {[%mdl 64] Overworked Piece} 29. Qxb4 Bxe2 30. Bxe2 Rxe2 31. Rae1 Re4 32. Rxe4 Nxe4 33. Rc1 Bh6 34. Rc2 Be3+ 35. Kf1 Qh4 36. Qe1 Qf4+ 37. Ke2 Bd4 (37... Re8 $142 38. Kd1 Nf2+ 39. Qxf2 Bxf2) 38. Nd7 Rb3 39. Rc8+ Kg7 40. Rc6 {Accuracy: White = 38%, Black = 50%.} 0-1

[Event "RUS Rapid GP Top 16 2018"]
[Site "Khanty-Mansiysk"]
[Date "2018.12.02"]
[Round "7"]
[White "Sjugirov, Sanan"]
[Black "Kabanov, Nikolai"]
[Result "1-0"]
[WhiteElo "2722"]
[BlackElo "2403"]
[Annotator "TA"]
[PlyCount "71"]
[EventDate "2018.12.01"]
[EventType "swiss"]
[EventCountry "RUS"]
[SourceTitle "playchess.com"]
[Source "ChessBase"]
[SourceQuality "1"]

{[%evp 16,71,0,-31,21,18,16,16,20,0,4,14,19,4,23,15,42,43,32,0,41,56,54,36,33,18,50,47,31,12,14,8,5,5,6,0,0,0,33,39,44,22,52,31,44,48,64,44,44,36,35,38,344,335,313,198,674,644]} 1. e4 c5 2. Nf3 d6 3. d4 cxd4 4. Qxd4 Nf6 5. h3 Nc6 6. Qe3 {B53: Sicilian: 2...d6: Lines with Qxd4} g6 7. Be2 Bg7 8. O-O O-O 9. c4 {LiveBook: 9 Games} Nb4 $146 (9... Qb6 $15) ({Predecessor:} 9... Be6 10. Nc3 Nd7 11. b3 Qb6 12. Qd2 Qa5 {1-0 (69) Nakamura,H (2772)-Codenotti,M (2362) Condino 2014}) 10. Qd2 $11 {[#] e5 is the strong threat.} a5 11. Nc3 b6 12. Re1 Bb7 13. Bf1 Rc8 14. Rb1 Nd7 15. a3 Nc6 16. b3 Nc5 17. Qc2 Ne5 (17... f5 $5 {[%cal Rf5e4]}) 18. Nxe5 $1 Bxe5 19. Bb2 e6 20. b4 axb4 21. axb4 Nd7 22. Nb5 Ba6 $1 {[%cal Ra6b5] [#] Threatens to win with ...Bxb5.} 23. Qa4 Bxb5 24. Qxb5 Qc7 25. Red1 Ra8 26. Bc1 {Threatening f4.} Rfd8 27. Bg5 Bf6 28. Be3 (28. e5 $5 Bxe5 29. Bxd8 Rxd8 30. g3 $16) 28... Ra2 29. Rb3 {aiming for Rbd3.} Rda8 30. Rbd3 Be7 $1 31. Bf4 {[%cal Rf4d6]} e5 $1 {[%cal Re5f4]} 32. Be3 Rb2 33. R3d2 $36 {[%mdl 2048] Black is under pressure.} Raa2 $2 {[%mdl 8192]} ({Black should try} 33... Rb3 $14) 34. Rxb2 $18 Rxb2 35. Qa4 Qb7 $2 (35... d5 36. Qa8+ (36. exd5 Rxb4 37. Qc6 Bd6 $16) (36. Rxd5 Nf6 $16) (36. cxd5 Bxb4 37. Qa8+ Nf8 $18) 36... Nf8) 36. Qa3 {Accuracy: White = 56%, Black = 37%.} 1-0

[Event "RUS Rapid GP Top 16 2018"]
[Site "Khanty-Mansiysk"]
[Date "2018.12.02"]
[Round "7"]
[White "Morozevich, Alexander"]
[Black "Maltsevskaya, Aleksandra"]
[Result "1-0"]
[WhiteElo "2696"]
[BlackElo "2247"]
[Annotator "TA"]
[PlyCount "61"]
[EventDate "2018.12.01"]
[EventType "swiss"]
[EventCountry "RUS"]
[SourceTitle "playchess.com"]
[Source "ChessBase"]
[SourceQuality "1"]

{[%evp 9,61,-37,35,20,29,7,21,12,15,-8,-12,-12,6,0,20,-32,-16,-30,-36,-18,-26,-22,-14,-116,-7,-100,-83,-113,-97,-133,0,-67,0,-27,0,-41,-71,-70,89,103,131,0,147,124,118,145,29990,29991,29991,177,186,-275,29996,29997]} 1. e4 c6 2. d4 d5 3. e5 Bf5 4. h4 h5 5. Bg5 (5. Bd3 Bxd3 6. Qxd3 Qa5+ 7. Nd2 e6 8. Ne2 Ne7 9. O-O Nf5 10. Nf3 Qa6 11. Qd1 c5 12. c3 Nc6 {0-1 (47) Antipov,M (2593)-Artemiev,V (2706) Sochi 2018}) 5... Qa5+ (5... Qb6 $15) 6. Nd2 {B12: Caro-Kann: Advance Variation} e6 7. c3 $146 ({Predecessor:} 7. Be2 c5 8. c3 cxd4 9. Nb3 Qb6 10. Nxd4 Bg6 11. Nh3 Nc6 12. Qa4 Bc5 13. Nxc6 bxc6 {0-1 (34) Grochulski,G (1959)-Rudolf,M (2380) Warsaw 2009}) 7... Qb6 8. b4 {The position is equal.} f6 9. Be3 Nd7 10. Be2 O-O-O 11. a4 Nh6 12. b5 (12. exf6 $11 Nxf6 13. Bf4) 12... cxb5 13. axb5 fxe5 14. dxe5 Bc5 15. Bxc5 Nxc5 16. Ndf3 (16. Ngf3 $11) 16... Ng4 (16... Kb8 $1 $17 {White should prevent ...Be4.} 17. Ng5 Ng4) 17. Nd4 (17. Nh3 $1 $11 {was the only way to keep the balance.}) 17... Kb8 18. Ngf3 {[%cal Bg1f3,Bf3d4,Bd4c6][%mdl 32]} Ne4 19. O-O {[#]} Nxc3 (19... Rc8 $1 $17 {Strongly threatening ...g6.} 20. Nxf5 Nxc3) 20. Qd2 (20. Qe1 $1 $11 Rc8 21. Ra3) 20... Nxe2+ (20... Rc8 $1 $15) 21. Nxe2 Be4 {Threatens to win with ...Bxf3.} (21... d4 $5) 22. Nfd4 Nxe5 23. Ra4 Bd3 $2 (23... Rh6 $1 $15 24. f3 Bd3) 24. Qe3 $16 {[%mdl 1024] White has strong compensation.} Qd6 {...Ng4 is the strong threat.} 25. Rc1 ({Don't do} 25. f4 Nc4 $14) (25. Rfa1 $16) 25... Bc4 {[#]} (25... Bxe2 $1 $11 {keeps the balance.} 26. Nxe2 b6) 26. Nf4 $1 {Hoping for Rxa7!} Ng4 27. Nc6+ $1 bxc6 $4 {[%mdl 8192]} (27... Kc7 $16 28. Qd2 bxc6 29. Rxa7+ Kc8) 28. Qxa7+ Kc8 29. b6 $2 (29. bxc6 {mates} Rd7 30. cxd7+ Qxd7 31. Rcxc4+ dxc4 32. Qa8+ Kc7 33. Rxc4+ Kb6 34. Rb4+ Qb5 35. Rxb5+ Kxb5 36. Qxh8) 29... Qb8 $18 {And now ...Bb5 would win.} 30. Qf7 $4 {[%mdl 8192]} (30. Qxg7 $18 {and all is fine. Intending Ra8! and mate.} Rhg8 31. Qf7) 30... Rhe8 $4 {[%mdl 8192] [#]} (30... Rd7 $19 31. b7+ Qxb7 32. Qxe6 Qb6) 31. Ra8 $1 {[%mdl 512] Precision: White = 49%, Black = 35%.} 1-0

[Event "RUS Rapid GP Top 16 2018"]
[Site "Khanty-Mansiysk"]
[Date "2018.12.02"]
[Round "7"]
[White "Bocharov, Dmitry"]
[Black "Iljiushenok, Ilia"]
[Result "1/2-1/2"]
[WhiteElo "2684"]
[BlackElo "2607"]
[Annotator "TA"]
[PlyCount "76"]
[EventDate "2018.12.01"]
[EventType "swiss"]
[EventCountry "RUS"]
[SourceTitle "playchess.com"]
[Source "ChessBase"]
[SourceQuality "1"]

{[%evp 17,76,15,50,28,32,20,42,32,55,45,81,73,91,90,164,151,194,176,272,272,274,277,281,266,297,185,173,181,204,182,209,168,170,172,145,90,102,74,87,89,108,90,104,31,39,2,22,0,0,0,0,0,0,0,0,0,0,0,0,0,0]} 1. Nf3 Nf6 2. c4 g6 3. g3 Bg7 4. Bg2 O-O 5. Nc3 d6 6. O-O c5 7. d4 Nc6 8. dxc5 dxc5 9. Bf4 Nd4 {LiveBook: 29 Games} 10. Rc1 {E65: King's Indian: Fianchetto: 6...c5 7 0-0 without d5 by White} (10. Re1 Re8 11. Rc1 Ng4 12. h3 e5 13. Bg5 Nxf3+ 14. exf3 Qxg5 15. fxg4 Qe7 16. Qa4 Bd7 17. Qa3 Bc6 {½-½ (58) Matlakov,M (2718)-Jones,G (2640) Wijk aan Zee 2018}) 10... Nh5 11. Bd2 $146 ({Predecessor:} 11. Be3 Rb8 12. Qa4 Qb6 13. Bxd4 cxd4 14. Nd5 Qd6 15. Qxa7 e5 16. c5 Qxd5 17. Qxb8 e4 18. Nd2 f5 19. Nc4 Bh6 20. Nb6 Qf7 21. Rcd1 Bg7 22. Nxc8 Qd7 23. Nb6 {1-0 (25) Kukovec,B (2223)-Bohak,J (2158) Brezice Maribor 2007}) 11... Bg4 12. Ng5 {[%cal Bf3g5,Bg5e4,Be4c5,Bc5b7,Bb7a5][%mdl 32] White is slightly better.} h6 13. Nge4 Qc8 14. f3 {[%cal Bf2f3,Bf3f4,Bf4f5][%mdl 32]} Be6 15. Nd5 Qd8 (15... Kh7 $16) 16. e3 $18 Nc6 17. Nxc5 Bxd5 (17... Bc8 $142 18. f4 Rb8) 18. cxd5 Qxd5 19. f4 ({Don't play} 19. Nxb7 $6 Rac8 $18) 19... Qxa2 20. Nxb7 Nd8 21. Na5 Rb8 22. b4 Qe6 {[#]} 23. f5 $1 {[%mdl 512]} Qd6 (23... gxf5 24. Qxh5) 24. Qe2 Nf6 25. fxg6 fxg6 26. Qc4+ (26. Nc6 $142 Nxc6 27. Rxc6) 26... Kh7 $16 27. Rfd1 Qe5 28. Qf4 Nd7 29. Qxe5 Nxe5 30. Bc3 (30. Rc7 $16) 30... Ndf7 31. Bd5 (31. Rf1 {is interesting.} h5 32. Rb1 Nf3+ 33. Rxf3 Bxc3 34. Nc6) 31... Rfc8 {The position is equal.} (31... Rfd8 {feels hotter.} 32. Kf1 Rb5 33. Bxf7 Rxd1+ 34. Rxd1 Nxf7 35. Be1 Ne5) 32. Bxf7 (32. Rf1 {is more complex.} Nd8 33. Bd2 Bf6 34. Kg2 Nd3 35. Rxc8 Rxc8 36. Be4) 32... Nxf7 33. Bxg7 Rxc1 34. Rxc1 Kxg7 $11 {KRN-KRN} 35. Rc7 Rxb4 36. Rxe7 a6 37. Ra7 Rb1+ 38. Kg2 Rb2+ {Accuracy: White = 49%, Black = 40%.} 1/2-1/2

[Event "RUS Rapid GP Top 16 2018"]
[Site "Khanty-Mansiysk"]
[Date "2018.12.02"]
[Round "7"]
[White "Chigaev, Maksim"]
[Black "Shuvalova, Polina"]
[Result "1-0"]
[WhiteElo "2671"]
[BlackElo "2411"]
[Annotator "TA"]
[PlyCount "127"]
[EventDate "2018.12.01"]
[EventType "swiss"]
[EventCountry "RUS"]
[SourceTitle "playchess.com"]
[Source "ChessBase"]
[SourceQuality "1"]

{[%evp 21,127,21,29,24,43,19,58,66,72,72,73,72,69,63,63,58,65,0,14,13,92,63,46,5,24,23,29,-1,0,-16,-19,-60,-48,-48,-25,-138,-133,-139,-68,-139,-64,-175,-166,-135,212,192,520,506,474,208,190,198,194,208,206,206,201,188,237,226,210,237,432,173,279,279,757,274,1204,791,629,195,178,173,203,204,204,204,196,155,157,159,197,202,335,294,294,294,432,427,744,670,6087,5543,29947,357,29951,7837,29958,29958,4939,4935,29985,29986,29989,29990,29990,29991]} 1. e4 c6 2. d4 d5 3. e5 Bf5 4. h4 h5 5. Bd3 Bxd3 6. Qxd3 e6 7. Bg5 {B12: Caro-Kann: Advance Variation} Qa5+ 8. Nd2 Qa6 9. c4 Bb4 10. b3 Ne7 11. Ngf3 Nf5 {LiveBook: 6 Games} 12. O-O c5 $146 ({Predecessor:} 12... Nd7 13. Rfc1 O-O 14. a3 Be7 15. Bxe7 Nxe7 {1-0 (135) Nakamura,H (2781)-Gunina,V (2502) Caleta 2018}) 13. Qc2 (13. dxc5 {feels hotter.} O-O 14. Qc2 dxc4 15. Nxc4 Bxc5 16. Rfd1) 13... Bxd2 14. Bxd2 {And now cxd5 would win.} O-O 15. cxd5 Nxd4 16. Nxd4 cxd4 17. Qd1 exd5 18. Qxh5 Nd7 19. Bf4 (19. Bb4 $14) 19... Rfe8 20. Rfd1 d3 (20... Nc5 $11) 21. Qf5 Nc5 22. Rac1 Ne6 23. Be3 d4 24. Bg5 Rac8 25. Rxc8 (25. Rxd3 Rxc1+ 26. Bxc1 Qxa2 $15) 25... Rxc8 26. Qxd3 Qxa2 27. Qf3 Qc2 {...Rc3 is the strong threat.} 28. Bd2 (28. Ra1 $11) 28... d3 {aiming for ...Nd4.} 29. Kh2 {Black must now prevent Rc1.} Rd8 (29... Qxb3 $17 30. h5 Rc4) 30. h5 ({White should try} 30. b4 $1 $15) 30... Rd4 (30... Qb2 $1 $17 31. Qe3 Qxb3) 31. Be3 (31. Kg3 $1 $15) 31... Rh4+ $19 32. Kg3 Rb4 $2 {[%mdl 8192]} (32... Nd4 $1 $17 {[%cal Rd4f3] and life is bright.} 33. Bxd4 Rxd4) 33. Rc1 $18 Qxb3 $2 (33... Rxb3 {is tougher.} 34. Kh2 (34. Rxc2 dxc2 35. Kg4 Rb4+ 36. Kh3 Rb3 $11) 34... Qxc1 35. Bxc1 d2) 34. Rc8+ Nf8 35. h6 (35. Bc5 $142 d2 36. Rxf8+ Kh7 37. Rd8 Qxf3+ 38. Kxf3 Rb3+ 39. Ke4) 35... Qe6 {[#]} 36. h7+ $1 {[%mdl 512]} Kxh7 37. Rxf8 $40 {[%mdl 128] Intending Qh5+ and mate. Black is in trouble.} (37. Qh5+ Kg8 $16) 37... Qxe5+ {[#]} 38. Bf4 $1 {[%cal Rf4e5]} Qf5 39. Bd2 Qe5+ 40. Kh3 Qe6+ 41. g4 Re4 $2 (41... Rd4 42. Rxf7 Rxg4) 42. Be3 (42. Qg3 $142 {Qh4+ would kill now.} Qe7 43. Qxd3) 42... f6 (42... a6 {was worth a try.} 43. Rd8 (43. Rxf7 Rxg4 44. Rf5 Rg6 $16) (43. Qxf7 {is a self mate.} Qxg4+ 44. Kh2 Qh4+ 45. Kg2 Rg4+ 46. Kf3 Qh3#) 43... Rc4) 43. Rd8 Re5 $2 (43... d2 44. Bxd2 Ra4 45. Qd3+ Qe4 46. Qxe4+ Rxe4) 44. Kg3 $2 (44. Bf4) 44... Qc4 $2 (44... Qc6) 45. Bf4 Re1 46. Qxd3+ $2 (46. g5 {[%cal Rf3h5]} Rg1+ 47. Kh3 Qe6+ 48. Kh2) 46... Qxd3+ 47. Rxd3 {[%mdl 4096] Endgame KRB-KR} Rb1 48. Ra3 a6 49. Be3 Kg6 50. Ra5 Rb3 51. Kf3 Kf7 52. Rc5 Kg6 (52... Rb4 $142 53. Rc7+ Kg8) 53. Ke4 Rb4+ {[#]} 54. Bd4 $1 Kf7 (54... Rb1 $142 55. f4 Re1+ 56. Be3 Rb1 57. f5+ Kh7) 55. f4 Ke6 (55... a5 $142 56. Rxa5 Ke6 57. f5+ Ke7) 56. Rc7 g6 57. f5+ gxf5+ 58. gxf5+ Kd6 59. Rf7 Rb1 60. Rxf6+ Ke7 61. Rb6 Re1+ 62. Kd5 {White mates.} Rd1 63. Rxb7+ Kf8 64. f6 {Precision: White = 56%, Black = 24%.} 1-0

[Event "RUS Rapid GP Top 16 2018"]
[Site "Khanty-Mansiysk"]
[Date "2018.12.02"]
[Round "7"]
[White "Ponkratov, Pavel"]
[Black "Kokarev, Dmitry"]
[Result "1/2-1/2"]
[WhiteElo "2658"]
[BlackElo "2698"]
[Annotator "TA"]
[PlyCount "108"]
[EventDate "2018.12.01"]
[EventType "swiss"]
[EventCountry "RUS"]
[SourceTitle "playchess.com"]
[Source "ChessBase"]
[SourceQuality "1"]

{[%evp 27,108,0,0,0,0,0,28,13,18,0,2,13,5,-19,-9,-54,-56,-55,-55,-221,-136,-140,-182,-314,-241,-243,-37,-24,0,0,18,8,8,10,11,6,4,8,4,6,19,0,0,0,0,0,22,12,15,6,83,83,82,82,93,93,107,100,101,14,15,0,103,108,102,106,163,161,221,95,95,95,95,58,58,58,58,22,22,22,22,22,22]} 1. e4 c5 2. Nf3 d6 3. d4 cxd4 4. Nxd4 Nf6 5. Nc3 a6 6. Be3 e5 7. Nf3 Be7 8. Bc4 O-O 9. O-O Nc6 10. Re1 {B90: Sicilian Najdorf: Unusual White 6th moves, 6 Be3 Ng4 and 6 Be3 e5} (10. Qe2 Na5 11. Bd5 Bd7 12. a4 Rc8 13. Rfd1 h6 14. Ba2 Bg4 15. h3 Bxf3 16. Qxf3 Nc4 17. Bc1 Qb6 18. Rb1 {1-0 (55) Ponkratov,P (2613)-Kokarev,D (2615) Khanty-Mansiysk 2017}) 10... Be6 11. Nd5 (11. Bb3 Na5 12. Bg5 Nxb3 13. axb3 Rc8 14. Bxf6 Bxf6 15. Re3 Be7 16. Rd3 Qe8 17. Nd5 Rc6 {½-½ (31) Nisipeanu,L (2661)-Giri,A (2780) Batumi 2018}) 11... Bxd5 12. exd5 b5 13. Bf1 Nb4 14. c4 bxc4 {LiveBook: 10 Games} 15. Bxc4 Qa5 {[%cal Rb4d5]} 16. Bd2 Qc5 17. Rc1 Nbxd5 {[#]} 18. Bg5 $146 {Strongly threatening Bxf6.} Qa5 19. Nh4 g6 20. Qd3 Rac8 21. Bd2 Qb6 22. b3 Nb4 23. Qg3 $2 ({White must play} 23. Bxb4 $1 $15 Qxb4 24. Nxg6 hxg6 25. Qxg6+ Kh8 26. Qf5) 23... Nh5 24. Qg4 d5 25. Rxe5 (25. Nf5 $142 Bc5 26. Bf1 Bxf2+ {[%mdl 64] Double Attack} 27. Kh1 Bxe1 28. Ne7+ {[%mdl 64] Double Attack} Kg7 29. Rxe1) 25... Bxh4 (25... Nxa2 26. Nf5 $15) 26. Be3 Qf6 $2 (26... Qd6 $1 $19 {[%cal Rd6e5]} 27. Rxh5 Be7) 27. Rxh5 $1 $15 Nd3 {[%cal Rh4f2]} 28. Rf1 $1 ({But not} 28. Bxd3 $2 Rxc1+ 29. Bf1 Bxf2+ $1 {[%mdl 512]} 30. Bxf2 Qa1 $19) 28... Ne5 29. Qxh4 Qxh4 30. Rxh4 dxc4 31. bxc4 Rxc4 32. Rxc4 Nxc4 $11 {[%mdl 4096] Endgame KRB-KRN} 33. Bh6 Rd8 34. Rc1 Rd4 35. h3 (35. Rb1 {keeps more tension.} f6 36. g3 Ne5 37. Rb6 Ng4 38. Bf4) 35... f6 36. Rb1 Rd7 37. Rb4 Rc7 38. Bf4 Rc6 (38... Rc8 $11) 39. Rb8+ $16 Kf7 40. Rb7+ Kg8 41. Bh6 $1 Nd6 42. Rg7+ Kh8 {aiming for ...Nf5.} 43. Rd7 (43. Re7 $16 {Hoping for Re6.} Kg8 44. g4) 43... Kg8 $11 44. Rg7+ (44. Ra7 $11) 44... Kh8 $16 {White must now prevent ...Nf5.} 45. Ra7 Kg8 {[#]} 46. g4 $1 g5 (46... f5 $16) 47. Kg2 Rc8 {[#]} (47... Ne8 $142 48. Re7 Rc8) 48. Rxa6 (48. Rg7+ $1 $18 Kh8 49. Rd7) 48... Nf7 49. Rxf6 Ra8 50. Rb6 Nxh6 51. Rxh6 {And now Rh5 would win.} Kg7 $1 {[%cal Rg7h6]} 52. Rh5 Kg6 {The position is equal.} 53. h4 h6 $1 54. hxg5 hxg5 {Accuracy: White = 44%, Black = 54%.} 1/2-1/2

[Event "RUS Rapid GP Top 16 2018"]
[Site "Khanty-Mansiysk"]
[Date "2018.12.02"]
[Round "7"]
[White "Pridorozhni, Aleksei"]
[Black "Demidov, Mikhail"]
[Result "1-0"]
[WhiteElo "2631"]
[BlackElo "2586"]
[Annotator "RC"]
[PlyCount "135"]
[EventDate "2018.12.01"]
[EventType "swiss"]
[EventCountry "RUS"]
[SourceTitle "playchess.com"]
[Source "ChessBase"]
[SourceQuality "1"]
[TimeControl "900+10"]

1. c4 {[%emt 0:00:00]} e5 {[%emt 0:00:13]} 2. Nc3 {[%emt 0:00:00]} Bb4 {[%emt 0:00:02]} 3. g3 {[%emt 0:00:20]} Bxc3 {[%emt 0:00:02]} 4. bxc3 {[%emt 0:00:03]} d6 {[%emt 0:00:01]} 5. Bg2 {[%emt 0:00:03]} Ne7 {[%emt 0:00:02]} 6. d3 {[%emt 0:00:17]} O-O {[%emt 0:00:03]} 7. Nh3 {[%emt 0:00:22]} Nbc6 {[%emt 0:00:16]} 8. O-O {[%emt 0:00:14]} h6 {[%emt 0:01:35]} 9. f4 {[%emt 0:00:04]} Be6 {[%emt 0:00:40]} 10. Rb1 {[%emt 0:00:59]} Rb8 {[%emt 0:00:24]} 11. Nf2 {[%emt 0:00:48]} f5 {[%emt 0:00:22]} 12. fxe5 {[%emt 0:00:35]} dxe5 {[%emt 0:00:10]} 13. e4 {[%emt 0:00:34]} f4 {[%emt 0:04:19]} 14. Qe2 {[%emt 0:00:11]} fxg3 {[%emt 0:00:39]} 15. hxg3 {[%emt 0:00:02]} b6 {[%emt 0:00:10]} 16. Be3 {[%emt 0:00:30]} Qd6 {[%emt 0:00:26]} 17. Bh3 {[%emt 0:02:09]} Bxh3 {[%emt 0:00:45]} 18. Nxh3 {[%emt 0:00:02]} Na5 {[%emt 0:00:09]} 19. Kg2 {[%emt 0:03:31]} c5 {[%emt 0:00:08]} 20. Rxf8+ {[%emt 0:00:18]} Rxf8 {[%emt 0:00:02]} 21. Nf2 {[%emt 0:00:02]} Nac6 {[%emt 0:00:05]} 22. Rd1 {[%emt 0:00:28]} Qe6 {[%emt 0:00:06]} 23. Bc1 {[%emt 0:00:10]} Qg6 {[%emt 0:00:58]} 24. Rh1 {[%emt 0:00:08]} Kh7 {[%emt 0:00:43]} 25. Ng4 {[%emt 0:00:17]} Ng8 {[%emt 0:00:02]} 26. Ne3 {[%emt 0:00:18]} Nge7 {[%emt 0:00:55]} 27. Rh5 {[%emt 0:00:30]} Ng8 {[%emt 0:00:46]} 28. Nd5 {[%emt 0:00:23]} Qe6 {[%emt 0:00:20]} 29. a4 {[%emt 0:00:31]} Nf6 {[%emt 0:00:38]} 30. Rh4 {[%emt 0:00:27]} Ne7 {[%emt 0:00:45]} 31. Be3 {[%emt 0:00:41]} Ng6 {[%emt 0:00:12]} 32. Rh1 {[%emt 0:00:02]} Qc6 {[%emt 0:01:45]} 33. Qd1 {[%emt 0:01:32]} Qd7 {[%emt 0:00:31]} 34. a5 {[%emt 0:00:36]} Qc6 {[%emt 0:00:39]} 35. axb6 {[%emt 0:00:08]} axb6 {[%emt 0:00:01]} 36. Bg5 {[%emt 0:00:09]} Nxd5 {[%emt 0:01:18]} 37. cxd5 {[%emt 0:00:06]} Qd6 {[%emt 0:00:01]} 38. Be3 {[%emt 0:00:17]} Ra8 {[%emt 0:00:12]} 39. Rf1 {[%emt 0:00:13]} Kg8 {[%emt 0:00:26]} 40. Rf2 {[%emt 0:00:13]} Rf8 {[%emt 0:00:08]} 41. Rb2 {[%emt 0:00:12]} Rb8 {[%emt 0:00:09]} 42. Qg4 {[%emt 0:00:11]} Nf8 {[%emt 0:00:09]} 43. c4 {[%emt 0:00:37]} Ra8 {[%emt 0:00:13]} 44. Rf2 {[%emt 0:00:55]} Nh7 {[%emt 0:00:23]} 45. Qh5 {[%emt 0:00:33]} Rf8 {[%emt 0:00:21]} 46. Rxf8+ {[%emt 0:00:06]} Kxf8 {[%emt 0:00:01]} 47. Qf5+ {[%emt 0:00:04]} Nf6 {[%emt 0:00:01]} 48. Bd2 {[%emt 0:00:50]} Ke7 {[%emt 0:00:16]} 49. g4 {[%emt 0:00:11]} Ke8 {[%emt 0:00:21]} 50. Qg6+ {[%emt 0:00:41]} Kf8 {[%emt 0:00:03]} 51. Bc3 {[%emt 0:00:09]} Kg8 {[%emt 0:00:12]} 52. Kf3 {[%emt 0:00:11]} Qf8 {[%emt 0:00:11]} 53. Ke2 {[%emt 0:00:04]} Qe7 {[%emt 0:00:03]} 54. Kd2 {[%emt 0:00:18]} Qc7 {[%emt 0:00:23]} 55. Qf5 {[%emt 0:00:09]} Nd7 {[%emt 0:00:03]} 56. Qe6+ {[%emt 0:00:05]} Kh7 {[%emt 0:00:05]} 57. Qe7 {[%emt 0:00:12]} Kg6 {[%emt 0:00:16]} 58. Ke3 {[%emt 0:00:09]} Kh7 {[%emt 0:00:08]} 59. d6 {[%emt 0:00:17]} Qc8 {[%emt 0:00:13]} 60. Bxe5 {[%emt 0:00:07]} Nxe5 {[%emt 0:00:04]} 61. Qxe5 {[%emt 0:00:02]} Kh8 {[%emt 0:00:13]} 62. Qf5 {[%emt 0:00:08]} Qd8 {[%emt 0:00:08]} 63. e5 {[%emt 0:00:17]} Kg8 {[%emt 0:00:20]} 64. Qe6+ {[%emt 0:00:12]} Kf8 {[%emt 0:00:03]} 65. d7 {[%emt 0:00:13]} Qg5+ {[%emt 0:00:04]} 66. Ke4 {[%emt 0:00:03]} Qd8 {[%emt 0:00:01]} 67. Qd6+ {[%emt 0:00:14]} Kg8 {[%emt 0:00:07]} 68. e6 {[%emt 0:00:03]} 1-0